000 00611nam a2200229Ia 4500
008 160303s9999 xx 000 0 und d
020 _a971-08-6027-5
050 _aFIL HF 5387
050 _b.G69 2000
100 _aGow, Carmelita Miranda-
245 _aBusiness ethics /
245 _cCarmelita Miranda-Gow, Gregorio S. Miranda.
250 _a3rd Edition
260 _aMandaluyong:
260 _bNational Book Store,
260 _c2000
300 _a269 pages :
300 _billustrations ;
300 _c22 cm.
500 _aIncludes bibliographical references
650 _aBusiness ethics.
999 _c291207
_d291207